000 00362nam a22001577a 4500
005 20160625112534.0
008 160625b xxu||||| |||| 00| 0 eng d
041 _aeng
082 _b10152
100 _aAhuja, B.N.
_92747
245 _aHistory of Indian Press
260 _bSurjeet
_c2005
300 _a203
650 _aMass Communication
_92660
942 _cBK
999 _c3966
_d3965